Statistieken voor auto quiz

Klik hier om de quiz te nemen!

Algemene statistieken

  • Deze quiz is 151 keer genomen
  • De gemiddelde score is 12 van 15

Antwoordstatistieken

Antwoord% Correct
tesla
99%
renault
97%
dacia
90%
jaguar
90%
alfa romeo
89%
kia
87%
lexus
85%
mini
76%
mitsubishi
74%
land rover
69%
subaru
69%
aston martin
68%
bentley
67%
mclaren
66%
chrysler
45%

Scoreverdeling

Percentiel versus Aantal Correcte Antwoorden

Procent van Mensen met Elke Score

Uw Scoregeschiedenis

U heeft deze quiz nog niet genomen